Hacia un marco conceptual de la reforma agraria

保存先:
書誌詳細
第一著者: Barahona Riera, Francisco
フォーマット: テキスト
出版事項: s.l.e :
タグ: タグ追加
タグなし, このレコードへの初めてのタグを付けませんか!

MARC

LEADER 00000 a a2200000 04500
001 15662
003
040
090 |a 029900  
100 |a Barahona Riera, Francisco  
245 |a Hacia un marco conceptual de la reforma agraria  
260 |a s.l.e :  
300 |a 76 p.  
999 |c 17518  |d 17518